Panchatantra Tales -2 (Record no. 14477)
[ view plain ]
| 000 -LEADER | |
|---|---|
| fixed length control field | 01699ngm a22002897a 4500 |
| 005 - DATE AND TIME OF LATEST TRANSACTION | |
| control field | 20080708143856.0 |
| 007 - PHYSICAL DESCRIPTION FIXED FIELD--GENERAL INFORMATION | |
| fixed length control field | cd |
| 008 - FIXED-LENGTH DATA ELEMENTS--GENERAL INFORMATION | |
| fixed length control field | 080708t xxu||||| |||| 00| 0 eng d |
| 010 ## - LIBRARY OF CONGRESS CONTROL NUMBER | |
| LC control number | DVD-000073-75 |
| 024 ## - OTHER STANDARD IDENTIFIER | |
| Terms of availability | Rs.99.00 |
| 037 ## - SOURCE OF ACQUISITION | |
| Stock number | 0173/ 12-05-08 |
| 040 ## - CATALOGING SOURCE | |
| Original cataloging agency | Dpl |
| 082 ## - DEWEY DECIMAL CLASSIFICATION NUMBER | |
| Classification number | CD / PANC |
| 245 ## - TITLE STATEMENT | |
| Title | Panchatantra Tales -2 |
| Statement of responsibility, etc | Produced and Published by Vision Interactive Systems |
| Medium | CD-Rom |
| 260 ## - PUBLICATION, DISTRIBUTION, ETC. (IMPRINT) | |
| Place of publication, distribution, etc | Banglore |
| Name of publisher, distributor, etc | Vision Interactive Systems |
| Date of publication, distribution, etc | 2008 |
| 300 ## - PHYSICAL DESCRIPTION | |
| Extent | 1 disc (CD) |
| 440 ## - SERIES STATEMENT/ADDED ENTRY--TITLE | |
| Title | Buzzers Series |
| 500 ## - GENERAL NOTE | |
| General note | 10 Animated Stories for 3-8 years |
| 500 ## - GENERAL NOTE | |
| General note | The famous stories from Panchatantra. These are fun find stories that have good moral values. The stories are interestingly presented for children with colorful visuals, animation and clear narration. |
| 538 ## - SYSTEM DETAILS NOTE | |
| System details note | Minimus system reauirements: P-III & above, 64 MB RAM, CD-Rom Drive, Windows XP/2000/MW/NT, 256 Color VGA Display |
| 650 ## - SUBJECT ADDED ENTRY--TOPICAL TERM | |
| Source of heading or term | Animated Stories |
| 942 ## - ADDED ENTRY ELEMENTS (KOHA) | |
| Koha item type | CD-ROMs, DVDs, VHS |
| Classification part | CD / PANC |
| Source of classification or shelving scheme | Dewey Decimal Classification |
| Withdrawn status | Lost status | Source of classification or shelving scheme | Damaged status | Not for loan | Home library | Current library | Date acquired | Cost, normal purchase price | Total Checkouts | Full call number | Barcode | Date last seen | Date checked out | Cost, replacement price | Price effective from | Koha item type | Public note |
|---|---|---|---|---|---|---|---|---|---|---|---|---|---|---|---|---|---|
| Lost and Paid For | Dewey Decimal Classification | Central Library | Central Library | 17/07/2008 | 99.00 | 12 | CD / PANC | DVD-000073 | 20/01/2010 | 05/12/2009 | 99.00 | 15/09/2008 | CD-ROMs, DVDs, VHS | Rcpt No.22/051 Dt 20-01-2010 | |||
| Dewey Decimal Classification | Patel Nagar | Patel Nagar | 17/07/2008 | 99.00 | 7 | CD / PANC | DVD-000075 | 30/12/2009 | 14/12/2009 | 99.00 | 15/09/2008 | CD-ROMs, DVDs, VHS | |||||
| Dewey Decimal Classification | Sarojini Nagar | Sarojini Nagar | 17/07/2008 | 99.00 | 5 | CD / PANC | DVD-000074 | 15/01/2011 | 03/01/2011 | 99.00 | 15/09/2008 | CD-ROMs, DVDs, VHS | cost vide R.No. 2269/011 dt 10-01-11 Rs. 99/- |
